000 00932nas a2200313 4500
001 BR2018002285
003 BR-BrBNA
005 20231205131449.0
007 ta
008 230509b bl.|||p| |||| 00| 00por d
040 _aBR-BrBNA
_bpor
_cBiblioteca Nacional de Agricultura
041 _a(Pt)
072 _aP33; F06
100 1 _aRios, G.F.A.
100 1 _aCarvalho, L.G. de
100 1 _aSilva, B.M.
100 1 _aRezende, F.C.
100 1 _aPereira, G.M.
245 1 _aTensões de água no solo no cultivo de mamoneira
650 _aMAMONA
650 _aANÁLISE DO SOLO
650 _aCOBERTURA DO SOLO
650 _aIRRIGAÇÃO
650 _aMANEJO
773 0 _tPesquisa Agropecuária Tropical (Brazil)
_xISSN 1983-4063
_g(Jul-Sep 2014), v. 44(3) p. 287-293
_wBR2018002285
856 4 0 _uhttp://www.scielo.br/pdf/pat/v44n3/a08v44n3.pdf
909 _a202311
_bLúcia
_c55
_dLúcia Elande
942 _2AGRIS
_n0
_cANA
999 _c254971
_d254971